Statistiques concernant Culture Générale : L'Antiquité

Cliquez ici pour prendre le quiz!

Statistiques générales

  • Ce quiz a été pris 144 fois
  • Le résultat moyen est 8 sur 15

Statistiques - réponses

QuestionRéponse% Correct
Mathématicien dont l'existence n'est pas confirmée mais dont le théorème porte encore aujourd'hui son nom.Pythagore
90%
Se dit d'une religion ne vénérant qu'une seule et même divinité.Monothéiste
89%
Se dit d'une croyance ou d'une religion qui vénère plusieurs divinités.Polythéiste
89%
Système politique né à Athènes,et dont Périclès est considéré comme l'un des fondateurs les plus importants.Démocratie
86%
À quelle période succède l'Antiquité ?Préhistoire
86%
Célèbre chef carthaginois ayant passé avec ses troupes les Alpes accompagné de près d'une quarantaine d'éléphants.Hannibal
75%
Philosophe grec ayant été condamné à mort puis ayant bu volontairement de la ciguë,accusé de corrompre la jeunesse,de nier les dieux de la cité et d'introduire des divinités nouvelles à Athènes.Socrate
73%
Ville de naissance du Christ,selon la Bible.Bethléem
69%
Région géographique appelée autrefois « Croissant Fertile ».Mésopotamie
62%
Ville voisine de Pompéi,ayant également subi les dégâts de l'éruption du Vésuve.Herculanum
31%
Nom donné à l'assemblée grecque.Ecclésia
20%
Poète grec ayant notamment écrit la comédie intitulée « Les Grenouilles ».Aristophane
19%
Premier peuple connu à faire usage de l'écriture.Sumériens
19%
Comment nommait-on les maisons romaines ?Villas
19%
Sainte Chrétienne,jetée aux lions et finalement morte brûlée à l'âge de 16 ans,en 177 après J-C.Blandine
18%

Distribution des résultats

Percentile par nombre de réponses

% des personnes avec chaque résultat

Votre développement - résultats

Vous n’avez pas pris ce quiz